[Event "WCO 2016"]
[Site "?"]
[Date "2016.09.13"]
[Round "11"]
[Board "33"]
[WhiteID "15400310"]
[White "Li Hui"]
[BlackID "12600148"]
[Black "Anquandah Francis Eric"]
[Result "1-0"]
[BlackElo "1951"]
[WhiteElo "1964"]
[LiveChessVersion "1.4.8"]

1. e4 {[%clk 1:30:17]} d5 {[%clk 1:30:57]} 2. exd5 {[%clk 1:30:40]} Qxd5
{[%clk 1:31:25]} 3. Nc3 {[%clk 1:30:34]} Qa5 {[%clk 1:31:52]} 4. d4
{[%clk 1:30:51]} c6 {[%clk 1:32:17]} 5. Nf3 {[%clk 1:29:24]} Bf5 {[%clk 1:32:06]}
6. Bc4 {[%clk 1:20:44]} Nd7 {[%clk 1:29:02]} 7. O-O {[%clk 1:03:31]} e6
{[%clk 1:29:07]} 8. Qe2 {[%clk 0:49:48]} Ngf6 {[%clk 1:27:16]} 9. Bb3
{[%clk 0:44:24]} Bd6 {[%clk 1:25:10]} 10. Bd2 {[%clk 0:39:49]} Qc7
{[%clk 1:25:11]} 11. h3 {[%clk 0:39:19]} O-O {[%clk 1:24:54]} 12. Nh4
{[%clk 0:38:00]} Bg6 {[%clk 1:23:57]} 13. Nxg6 {[%clk 0:37:48]} hxg6
{[%clk 1:24:22]} 14. Rfd1 {[%clk 0:28:48]} Rad8 {[%clk 1:21:14]} 15. Bg5
{[%clk 0:24:02]} Bf4 {[%clk 1:20:34]} 16. Bxf4 {[%clk 0:22:14]} Qxf4
{[%clk 1:20:54]} 17. g3 {[%clk 0:18:42]} Qf5 {[%clk 1:19:18]} 18. Kg2
{[%clk 0:18:54]} Rfe8 {[%clk 1:15:47]} 19. Qd2 {[%clk 0:15:12]} Nh7
{[%clk 1:03:43]} 20. Qd3 {[%clk 0:12:09]} Qa5 {[%clk 1:02:44]} 21. Ne4
{[%clk 0:11:03]} Ndf6 {[%clk 1:01:23]} 22. Nxf6+ {[%clk 0:10:31]} gxf6
{[%clk 0:59:58]} 23. Qf3 {[%clk 0:09:49]} Kg7 {[%clk 1:00:04]} 24. c3
{[%clk 0:09:53]} Rh8 {[%clk 0:58:18]} 25. h4 {[%clk 0:09:33]} Nf8
{[%clk 0:58:45]} 26. Rh1 {[%clk 0:07:22]} Nd7 {[%clk 0:57:54]} 27. Rad1
{[%clk 0:07:17]} Qc7 {[%clk 0:56:24]} 28. Qe3 {[%clk 0:06:08]} Nb6
{[%clk 0:53:05]} 29. Qf3 {[%clk 0:05:33]} a5 {[%clk 0:51:56]} 30. h5
{[%clk 0:05:26]} Qe7 {[%clk 0:42:25]} 31. a3 {[%clk 0:03:24]} Nd5
{[%clk 0:37:24]} 32. Rde1 {[%clk 0:03:43]} Nc7 {[%clk 0:24:31]} 33. Qe2
{[%clk 0:03:34]} Rhe8 {[%clk 0:19:01]} 34. Qd2 {[%clk 0:03:05]} g5
{[%clk 0:16:36]} 35. h6+ {[%clk 0:03:06]} Kh8 {[%clk 0:16:35]} 36. Qe2
{[%clk 0:02:59]} f5 {[%clk 0:14:46]} 37. Qe5+ {[%clk 0:03:09]} f6
{[%clk 0:14:56]} 38. Qxa5 {[%clk 0:02:13]} Nd5 {[%clk 0:12:46]} 39. Bxd5
{[%clk 0:01:55]} Rxd5 {[%clk 0:13:04]} 40. Qb4 {[%clk 0:32:18]} Qf7
{[%clk 0:43:14]} 41. Qc4 {[%clk 0:23:09]} f4 {[%clk 0:38:25]} 42. g4
{[%clk 0:11:52]} f5 {[%clk 0:36:20]} 43. Qe2 {[%clk 0:10:27]} Kh7
{[%clk 0:31:55]} 44. f3 {[%clk 0:05:31]} fxg4 {[%clk 0:24:57]} 45. fxg4
{[%clk 0:05:31]} e5 {[%clk 0:24:47]} 46. Qe4+ {[%clk 0:05:23]} Kh8
{[%clk 0:21:47]} 47. Rhf1 {[%clk 0:03:20]} Rd6 {[%clk 0:18:17]} 48. dxe5
{[%clk 0:02:43]} Rxh6 {[%clk 0:18:11]} 49. Rh1 {[%clk 0:02:50]} Ree6
{[%clk 0:11:42]} 50. Qf5 {[%clk 0:03:00]} Qe7 {[%clk 0:08:20]} 51. Rd1
{[%clk 0:01:36]} Rxh1 {[%clk 0:07:25]} 52. Rxh1+ {[%clk 0:02:06]} Kg8
{[%clk 0:07:51]} 53. Re1 {[%clk 0:02:00]} Kg7 {[%clk 0:07:41]} 54. Qe4
{[%clk 0:01:59]} Qe8 {[%clk 0:05:39]} 55. Qf5 {[%clk 0:02:06]} Qe7
{[%clk 0:05:48]} 56. Qe4 {[%clk 0:01:33]} Qe8 {[%clk 0:05:55]} 57. Qd4
{[%clk 0:01:43]} Qe7 {[%clk 0:04:44]} 58. Kf3 {[%clk 0:01:28]} Kg8
{[%clk 0:04:29]} 59. Qe4 {[%clk 0:01:42]} Kg7 {[%clk 0:02:59]} 60. Rh1
{[%clk 0:01:48]} Kg8 {[%clk 0:02:41]} 61. Re1 {[%clk 0:02:15]} Kg7
{[%clk 0:03:07]} 62. Qf5 {[%clk 0:02:06]} Kg8 {[%clk 0:03:23]} 63. Kg2
{[%clk 0:01:06]} Kg7 {[%clk 0:03:33]} 64. Kf3 {[%clk 0:00:56]} Kg8
{[%clk 0:03:41]} 65. Rd1 {[%clk 0:01:15]} Kg7 {[%clk 0:03:37]} 66. Re1
{[%clk 0:01:13]} Kg8 {[%clk 0:03:43]} 67. Re2 {[%clk 0:01:12]} Kg7
{[%clk 0:03:07]} 68. Rh2 {[%clk 0:01:25]} Kg8 {[%clk 0:03:33]} 69. Rh5
{[%clk 0:01:13]} Rxe5 {[%clk 0:03:20]} 70. Qc8+ {[%clk 0:01:42]} Qe8
{[%clk 0:02:02]} 71. Qxe8+ {[%clk 0:02:06]} Rxe8 {[%clk 0:02:28]} 72. Rxg5+
{[%clk 0:02:34]} Kh7 {[%clk 0:02:36]} 73. Kxf4 {[%clk 0:02:46]} Re2
{[%clk 0:02:55]} 74. b4 {[%clk 0:02:57]} Rc2 {[%clk 0:03:11]} 75. Rc5
{[%clk 0:02:41]} Ra2 {[%clk 0:03:37]} 76. Ke5 {[%clk 0:01:36]} Rxa3
{[%clk 0:03:03]} 77. Kd6 {[%clk 0:01:56]} Ra8 {[%clk 0:02:24]} 78. Kc7
{[%clk 0:02:07]} Rg8 {[%clk 0:02:49]} 79. Kxb7 {[%clk 0:02:24]} Rxg4
{[%clk 0:03:06]} 80. Kxc6 {[%clk 0:02:43]} Kg7 {[%clk 0:03:29]} 81. b5
{[%clk 0:02:55]} Kf7 {[%clk 0:03:47]} 82. b6 {[%clk 0:03:13]} Ke7
{[%clk 0:04:09]} 83. b7 {[%clk 0:03:29]} 1-0

[Event "WCO 2016"]
[Site "?"]
[Date "2016.09.13"]
[Round "11"]
[Board "34"]
[WhiteID "12600407"]
[White "Jamena Joseph Mensah"]
[BlackID "15400352"]
[Black "Ip Seng Tou"]
[Result "1/2-1/2"]
[BlackElo "1675"]
[WhiteElo "1992"]
[LiveChessVersion "1.4.8"]

1. e4 {[%clk 1:30:58]} e5 {[%clk 1:30:50]} 2. Nf3 {[%clk 1:31:24]} Nc6
{[%clk 1:31:11]} 3. d4 {[%clk 1:31:49]} exd4 {[%clk 1:31:35]} 4. Bc4
{[%clk 1:32:16]} Bc5 {[%clk 1:31:49]} 5. c3 {[%clk 1:32:33]} Nf6 {[%clk 1:31:35]}
6. e5 {[%clk 1:31:51]} d5 {[%clk 1:31:32]} 7. Bb5 {[%clk 1:31:59]} Ne4
{[%clk 1:31:57]} 8. cxd4 {[%clk 1:28:26]} Bb6 {[%clk 1:32:23]} 9. O-O
{[%clk 1:26:54]} O-O {[%clk 1:32:48]} 10. h3 {[%clk 1:16:18]} Bd7
{[%clk 1:29:37]} 11. Ba4 {[%clk 1:13:26]} f6 {[%clk 1:25:44]} 12. Bf4
{[%clk 1:13:35]} fxe5 {[%clk 1:09:41]} 13. Bxe5 {[%clk 1:13:21]} Nxe5
{[%clk 1:09:14]} 14. Nxe5 {[%clk 1:04:24]} Bxa4 {[%clk 1:05:56]} 15. Qxa4
{[%clk 1:04:52]} c6 {[%clk 0:57:38]} 16. Nc3 {[%clk 1:02:41]} Nd6
{[%clk 0:55:07]} 17. Rad1 {[%clk 1:00:14]} Qc7 {[%clk 0:53:11]} 18. b4
{[%clk 0:52:28]} a6 {[%clk 0:47:42]} 19. Qb3 {[%clk 0:51:55]} Nb5
{[%clk 0:40:59]} 20. Nf3 {[%clk 0:46:37]} Rae8 {[%clk 0:36:54]} 21. a4
{[%clk 0:41:31]} Nxc3 {[%clk 0:31:25]} 22. Qxc3 {[%clk 0:41:58]} Qd6
{[%clk 0:30:33]} 23. Rfe1 {[%clk 0:41:36]} Bd8 {[%clk 0:22:43]} 24. Rb1
{[%clk 0:37:13]} Bf6 {[%clk 0:20:40]} 25. b5 {[%clk 0:37:04]} axb5
{[%clk 0:17:20]} 26. axb5 {[%clk 0:37:31]} Rxe1+ {[%clk 0:14:19]} 27. Nxe1
{[%clk 0:35:33]} Re8 {[%clk 0:10:26]} 28. Nf3 {[%clk 0:33:20]} Re4
{[%clk 0:08:25]} 29. bxc6 {[%clk 0:33:21]} bxc6 {[%clk 0:06:51]} 30. Rb6
{[%clk 0:33:44]} Re6 {[%clk 0:06:32]} 31. Kf1 {[%clk 0:27:01]} h6
{[%clk 0:05:46]} 32. Qc2 {[%clk 0:26:57]} Qc7 {[%clk 0:04:40]} 33. Rb5
{[%clk 0:24:42]} Qf4 {[%clk 0:04:03]} 34. Rb4 {[%clk 0:20:32]} Qd6
{[%clk 0:04:32]} 35. Rb6 {[%clk 0:18:54]} Qc7 {[%clk 0:04:58]} 36. Qb1
{[%clk 0:18:55]} Re7 {[%clk 0:03:40]} 37. Qb4 {[%clk 0:13:43]} Kh7
{[%clk 0:02:53]} 38. Ne1 {[%clk 0:10:38]} Qd7 {[%clk 0:02:16]} 39. Qb1+
{[%clk 0:06:03]} Kg8 {[%clk 0:02:02]} 40. Nf3 {[%clk 0:31:50]} Qc7
{[%clk 0:31:30]} 41. Qb4 {[%clk 0:29:26]} Kh7 {[%clk 0:25:42]} 42. g3
{[%clk 0:29:43]} Qd7 {[%clk 0:21:58]} 43. Kg2 {[%clk 0:29:49]} Kg8
{[%clk 0:18:08]} 44. h4 {[%clk 0:28:54]} Kh7 {[%clk 0:17:10]} 45. h5
{[%clk 0:29:08]} Kg8 {[%clk 0:12:27]} 46. Qa4 {[%clk 0:24:18]} Re6
{[%clk 0:10:48]} 47. Qa8+ {[%clk 0:24:17]} Re8 {[%clk 0:08:15]} 48. Qxc6
{[%clk 0:19:48]} Qxc6 {[%clk 0:08:43]} 49. Rxc6 {[%clk 0:20:17]} Re4
{[%clk 0:08:41]} 50. Rc5 {[%clk 0:19:18]} Bxd4 {[%clk 0:09:04]} 51. Rxd5
{[%clk 0:19:32]} Bf6 {[%clk 0:09:02]} 52. Nd2 {[%clk 0:18:06]} Rd4
{[%clk 0:08:44]} 53. Rxd4 {[%clk 0:17:39]} Bxd4 {[%clk 0:09:13]} 54. f4
{[%clk 0:17:50]} Kf7 {[%clk 0:09:30]} 55. f5 {[%clk 0:17:56]} Be5
{[%clk 0:08:33]} 56. Kf3 {[%clk 0:17:44]} Bc7 {[%clk 0:08:26]} 57. g4
{[%clk 0:17:58]} Kf6 {[%clk 0:08:11]} 58. Ne4+ {[%clk 0:18:17]} Ke5
{[%clk 0:07:29]} 59. Nc5 {[%clk 0:18:40]} Bd8 {[%clk 0:07:15]} 60. Ne6
{[%clk 0:15:18]} Bf6 {[%clk 0:07:37]} 61. Ke3 {[%clk 0:15:42]} Kd5
{[%clk 0:07:07]} 62. Kf4 {[%clk 0:16:01]} Be5+ {[%clk 0:07:08]} 63. Ke3
{[%clk 0:16:28]} Bf6 {[%clk 0:07:15]} 64. Nf4+ {[%clk 0:16:11]} Ke5
{[%clk 0:06:55]} 65. Ng6+ {[%clk 0:16:30]} Kd5 {[%clk 0:06:51]} 66. Kd3
{[%clk 0:16:58]} Bg5 {[%clk 0:06:35]} 67. Nf8 {[%clk 0:16:08]} Ke5
{[%clk 0:06:17]} 68. Ne6 {[%clk 0:16:32]} Bf6 {[%clk 0:06:33]} 69. Ke3
{[%clk 0:16:41]} Kd5 {[%clk 0:06:16]} 70. Kf4 {[%clk 0:17:07]} Be5+
{[%clk 0:06:34]} 71. Ke3 {[%clk 0:17:33]} Bf6 {[%clk 0:06:48]} 72. Kd3
{[%clk 0:15:34]} Ke5 {[%clk 0:06:57]} 73. Ke3 {[%clk 0:16:01]} Kd5
{[%clk 0:07:22]} 74. Nf4+ {[%clk 0:15:24]} Ke5 {[%clk 0:07:05]} 75. Nd3+
{[%clk 0:14:01]} Kd5 {[%clk 0:06:48]} 76. Nf2 {[%clk 0:14:29]} Ke5
{[%clk 0:06:26]} 77. Ne4 {[%clk 0:13:52]} Be7 {[%clk 0:06:14]} 78. Kf3
{[%clk 0:13:58]} Bb4 {[%clk 0:05:55]} 79. Nf2 {[%clk 0:12:56]} Be7
{[%clk 0:04:31]} 80. Ne4 {[%clk 0:13:12]} Bb4 {[%clk 0:04:35]} 81. Ke3
{[%clk 0:13:38]} Be7 {[%clk 0:04:37]} 82. Kf3 {[%clk 0:13:37]} Bb4
{[%clk 0:05:00]} 83. Nf2 {[%clk 0:13:46]} Be7 {[%clk 0:05:03]} 84. Nd3+
{[%clk 0:14:07]} Kd4 {[%clk 0:04:46]} 85. Nf4 {[%clk 0:13:12]} Bf6
{[%clk 0:04:38]} 86. Ne6+ {[%clk 0:13:22]} Ke5 {[%clk 0:04:57]} 87. Nc5
{[%clk 0:13:37]} Kd4 {[%clk 0:04:08]} 88. Nd7 {[%clk 0:13:55]} Bg5
{[%clk 0:03:55]} 89. Nf8 {[%clk 0:14:09]} Ke5 {[%clk 0:03:39]} 90. Nd7+
{[%clk 0:10:34]} Kd4 {[%clk 0:03:57]} 91. Nf8 {[%clk 0:10:09]} Ke5
{[%clk 0:04:15]} 92. Ng6+ {[%clk 0:09:36]} Kd5 {[%clk 0:04:06]} 93. Nh8
{[%clk 0:09:57]} Bf6 {[%clk 0:03:24]} 94. Nf7 {[%clk 0:10:23]} Bb2
{[%clk 0:02:07]} 95. Kf4 {[%clk 0:10:15]} Bc1+ {[%clk 0:02:28]} 96. Kf3
{[%clk 0:10:43]} Bb2 {[%clk 0:02:49]} 97. g5 {[%clk 0:09:27]} hxg5
{[%clk 0:03:15]} 98. Kg4 {[%clk 0:09:11]} Bc1 {[%clk 0:01:29]} 99. Nxg5
{[%clk 0:09:24]} Ke5 {[%clk 0:01:49]} 100. Nf7+ {[%clk 0:08:31]} Kf6
{[%clk 0:02:01]} 101. Nd6 {[%clk 0:08:59]} Ke7 {[%clk 0:01:35]} 102. Ne4
{[%clk 0:09:20]} Be3 {[%clk 0:01:41]} 103. Kf3 {[%clk 0:09:30]} Bc1
{[%clk 0:01:56]} 104. Ke2 {[%clk 0:09:58]} Bb2 {[%clk 0:01:59]} 105. Kd3
{[%clk 0:10:19]} Bc1 {[%clk 0:00:52]} 106. Kc4 {[%clk 0:10:44]} Bb2
{[%clk 0:01:07]} 107. Kd5 {[%clk 0:11:12]} Ba1 {[%clk 0:01:14]} 108. Kc5
{[%clk 0:08:42]} Bb2 {[%clk 0:01:19]} 109. Kc4 {[%clk 0:09:10]} Ba1
{[%clk 0:01:16]} 110. Kd3 {[%clk 0:09:34]} Bb2 {[%clk 0:01:35]} 111. Ke3
{[%clk 0:09:59]} Bc1+ {[%clk 0:01:52]} 112. Kd4 {[%clk 0:10:26]} Bb2+
{[%clk 0:02:17]} 113. Ke3 {[%clk 0:10:48]} Bc1+ {[%clk 0:02:40]} 114. Kf3
{[%clk 0:11:08]} Bb2 {[%clk 0:02:45]} 115. Kg4 {[%clk 0:11:33]} Bc1
{[%clk 0:02:56]} 116. Ng5 {[%clk 0:11:01]} Bd2 {[%clk 0:02:39]} 117. Ne6
{[%clk 0:11:15]} Kf6 {[%clk 0:02:47]} 118. Nc7 {[%clk 0:11:34]} Ke5
{[%clk 0:01:12]} 119. Ne8 {[%clk 0:11:54]} Bh6 {[%clk 0:01:19]} 120. Nc7
{[%clk 0:11:28]} Bd2 {[%clk 0:01:36]} 121. Ne8 {[%clk 0:11:19]} Bh6
{[%clk 0:02:02]} 122. Nc7 {[%clk 0:11:08]} 1/2-1/2

[Event "WCO 2016"]
[Site "?"]
[Date "2016.09.13"]
[Round "11"]
[Board "35"]
[WhiteID "16300190"]
[White "Ho Hou-Meng, Herman"]
[BlackID "12600326"]
[Black "Ameku Philip Elikem"]
[Result "1/2-1/2"]
[BlackElo "1914"]
[WhiteElo "1908"]
[LiveChessVersion "1.4.8"]

1. f4 {[%clk 1:30:28]} Nf6 {[%clk 1:29:42]} 2. Nf3 {[%clk 1:28:55]} c5
{[%clk 1:29:19]} 3. e3 {[%clk 1:29:04]} Nc6 {[%clk 1:29:04]} 4. b3
{[%clk 1:26:17]} g6 {[%clk 1:27:10]} 5. Bb2 {[%clk 1:26:39]} Bg7 {[%clk 1:27:29]}
6. Be2 {[%clk 1:24:02]} O-O {[%clk 1:27:25]} 7. O-O {[%clk 1:24:27]} d5
{[%clk 1:27:42]} 8. Ne5 {[%clk 1:23:47]} Be6 {[%clk 1:25:07]} 9. d3
{[%clk 1:21:05]} Rc8 {[%clk 1:24:25]} 10. c4 {[%clk 1:15:22]} Qb6
{[%clk 1:23:06]} 11. Nd2 {[%clk 1:05:23]} Rfd8 {[%clk 1:22:08]} 12. Qc1
{[%clk 1:04:38]} Nxe5 {[%clk 1:20:46]} 13. Bxe5 {[%clk 1:03:52]} Ng4
{[%clk 1:20:34]} 14. Bxg7 {[%clk 0:55:37]} Kxg7 {[%clk 1:20:19]} 15. Nf3
{[%clk 0:45:10]} h5 {[%clk 1:18:22]} 16. h3 {[%clk 0:42:16]} Nh6 {[%clk 1:18:33]}
17. Nh4 {[%clk 0:42:26]} dxc4 {[%clk 1:11:05]} 18. Qc3+ {[%clk 0:40:39]} Kg8
{[%clk 1:10:11]} 19. dxc4 {[%clk 0:34:12]} Nf5 {[%clk 1:09:38]} 20. Nxf5
{[%clk 0:31:24]} Bxf5 {[%clk 1:09:05]} 21. Rfd1 {[%clk 0:24:42]} Qf6
{[%clk 1:07:39]} 22. Qxf6 {[%clk 0:24:27]} exf6 {[%clk 1:07:45]} 23. Kf2
{[%clk 0:24:38]} Kf8 {[%clk 1:08:09]} 24. Bf3 {[%clk 0:20:18]} b6
{[%clk 1:04:25]} 25. e4 {[%clk 0:17:38]} Be6 {[%clk 1:03:39]} 26. Ke3
{[%clk 0:17:58]} f5 {[%clk 1:02:18]} 27. e5 {[%clk 0:18:15]} Ke7 {[%clk 1:02:27]}
28. h4 {[%clk 0:15:52]} Rc7 {[%clk 0:57:54]} 29. Rxd8 {[%clk 0:15:08]} Kxd8
{[%clk 0:57:18]} 30. Rd1+ {[%clk 0:15:35]} Rd7 {[%clk 0:57:33]} 31. Bd5
{[%clk 0:15:46]} Ke7 {[%clk 0:57:20]} 32. Rd3 {[%clk 0:15:59]} Rd8
{[%clk 0:56:14]} 33. Kd2 {[%clk 0:16:25]} a6 {[%clk 0:54:51]} 34. Bb7
{[%clk 0:11:24]} Rxd3+ {[%clk 0:53:57]} 35. Kxd3 {[%clk 0:11:48]} a5
{[%clk 0:52:02]} 36. Kc3 {[%clk 0:11:52]} Bd7 {[%clk 0:51:41]} 37. Bd5
{[%clk 0:11:39]} Be6 {[%clk 0:50:15]} 38. a3 {[%clk 0:11:44]} Bd7
{[%clk 0:49:22]} 1/2-1/2

[Event "WCO 2016"]
[Site "?"]
[Date "2016.09.13"]
[Round "11"]
[Board "36"]
[WhiteID "12600113"]
[White "Thompson Edward Nii Lamptey"]
[BlackID "15400115"]
[Black "Mak Kei Keng"]
[Result "0-1"]
[BlackElo "1977"]
[WhiteElo "1889"]
[LiveChessVersion "1.4.8"]

1. e4 {[%clk 1:30:50]} c5 {[%clk 1:24:56]} 2. Nf3 {[%clk 1:31:12]} Nc6
{[%clk 1:25:11]} 3. Nc3 {[%clk 1:31:29]} e6 {[%clk 1:24:37]} 4. Bb5
{[%clk 1:31:06]} Qc7 {[%clk 1:24:02]} 5. O-O {[%clk 1:31:23]} Nf6
{[%clk 1:24:11]} 6. d4 {[%clk 1:29:56]} cxd4 {[%clk 1:23:11]} 7. Nxd4
{[%clk 1:30:10]} Nxd4 {[%clk 1:21:18]} 8. Qxd4 {[%clk 1:30:29]} Bc5
{[%clk 1:21:43]} 9. Qd1 {[%clk 1:29:02]} a6 {[%clk 1:17:48]} 10. Bd3
{[%clk 1:28:50]} b5 {[%clk 1:15:24]} 11. Bg5 {[%clk 1:28:57]} Bb7
{[%clk 1:14:07]} 12. Qe2 {[%clk 1:21:22]} Qe5 {[%clk 1:11:02]} 13. Be3
{[%clk 1:21:27]} b4 {[%clk 1:06:33]} 14. Na4 {[%clk 1:11:10]} Bxe3
{[%clk 1:01:38]} 15. Qxe3 {[%clk 1:11:34]} Ng4 {[%clk 0:55:22]} 16. Qg3
{[%clk 1:11:00]} Qxg3 {[%clk 0:55:17]} 17. hxg3 {[%clk 1:11:10]} Ne5
{[%clk 0:55:38]} 18. b3 {[%clk 1:08:03]} Ke7 {[%clk 0:52:14]} 19. Rfe1
{[%clk 1:04:34]} Nxd3 {[%clk 0:41:10]} 20. cxd3 {[%clk 1:04:57]} e5
{[%clk 0:37:06]} 21. Rac1 {[%clk 1:04:06]} Rac8 {[%clk 0:37:16]} 22. Kf1
{[%clk 1:04:04]} d6 {[%clk 0:34:11]} 23. Nb6 {[%clk 1:02:41]} Rc5
{[%clk 0:33:16]} 24. f4 {[%clk 1:01:44]} f6 {[%clk 0:33:07]} 25. f5
{[%clk 1:02:12]} Bc6 {[%clk 0:31:41]} 26. Ke2 {[%clk 1:00:22]} Rb8
{[%clk 0:29:14]} 27. Rxc5 {[%clk 0:59:14]} dxc5 {[%clk 0:29:29]} 28. Nc4
{[%clk 0:59:29]} Bb5 {[%clk 0:25:16]} 29. Ne3 {[%clk 0:57:18]} a5
{[%clk 0:25:00]} 30. Rh1 {[%clk 0:54:48]} h6 {[%clk 0:24:52]} 31. g4
{[%clk 0:52:54]} Ra8 {[%clk 0:24:46]} 32. Rc1 {[%clk 0:46:21]} Kd6
{[%clk 0:23:45]} 33. Nc2 {[%clk 0:41:30]} a4 {[%clk 0:18:40]} 34. Ra1
{[%clk 0:41:54]} Ke7 {[%clk 0:17:17]} 35. Kd2 {[%clk 0:42:08]} Rd8
{[%clk 0:15:57]} 36. d4 {[%clk 0:42:37]} exd4 {[%clk 0:15:39]} 37. Re1
{[%clk 0:42:54]} Kd6 {[%clk 0:14:21]} 38. g3 {[%clk 0:42:16]} Ke5
{[%clk 0:14:30]} 0-1

[Event "WCO 2016"]
[Site "?"]
[Date "2016.09.13"]
[Round "11"]
[Board "33"]
[WhiteID "22000089"]
[White "Salim Mohammed Salim Al Amri"]
[BlackID "10400036"]
[Black "Joseph Elton"]
[Result "1-0"]
[BlackElo "1842"]
[WhiteElo "2050"]
[LiveChessVersion "1.4.8"]

1. e4 {[%clk 1:30:57]} c5 {[%clk 1:30:50]} 2. Nf3 {[%clk 1:31:23]} Nc6
{[%clk 1:30:46]} 3. d4 {[%clk 1:31:46]} cxd4 {[%clk 1:31:10]} 4. Nxd4
{[%clk 1:32:12]} Nf6 {[%clk 1:31:27]} 5. Nc3 {[%clk 1:32:37]} e5 {[%clk 1:31:34]}
6. Ndb5 {[%clk 1:32:55]} d6 {[%clk 1:31:56]} 7. Nd5 {[%clk 1:32:43]} Nxd5
{[%clk 1:31:09]} 8. exd5 {[%clk 1:33:01]} Ne7 {[%clk 1:31:12]} 9. c4
{[%clk 1:33:23]} Nf5 {[%clk 1:31:25]} 10. Bd3 {[%clk 1:33:35]} Be7
{[%clk 1:30:22]} 11. O-O {[%clk 1:33:46]} Nh4 {[%clk 1:25:07]} 12. c5
{[%clk 1:32:06]} dxc5 {[%clk 1:19:33]} 13. d6 {[%clk 1:32:05]} Bxd6
{[%clk 1:18:10]} 14. Nxd6+ {[%clk 1:32:21]} Qxd6 {[%clk 1:17:07]} 15. Bb5+
{[%clk 1:32:35]} Ke7 {[%clk 1:17:02]} 16. Bg5+ {[%clk 1:32:58]} f6
{[%clk 1:16:58]} 17. Bxh4 {[%clk 1:33:13]} Qb6 {[%clk 1:15:55]} 18. Qe2
{[%clk 1:33:29]} g5 {[%clk 1:15:08]} 19. Bxg5 {[%clk 1:30:47]} Qe6
{[%clk 1:01:43]} 20. Bh4 {[%clk 1:30:28]} Bd7 {[%clk 0:57:59]} 21. Bc4
{[%clk 1:30:43]} Qf5 {[%clk 0:57:07]} 22. Rfe1 {[%clk 1:30:59]} Kd6
{[%clk 0:54:57]} 23. Rad1+ {[%clk 1:29:21]} Kc7 {[%clk 0:55:19]} 24. Qe3
{[%clk 1:28:37]} b6 {[%clk 0:53:36]} 25. Bd5 {[%clk 1:29:02]} Rad8
{[%clk 0:50:51]} 26. Qa3 {[%clk 1:29:22]} a5 {[%clk 0:50:26]} 27. Be4
{[%clk 1:25:26]} Qf4 {[%clk 0:43:58]} 28. Bg3 {[%clk 1:24:05]} Qg5
{[%clk 0:42:51]} 29. Qb3 {[%clk 1:24:21]} Bc6 {[%clk 0:37:52]} 30. Qf7+
{[%clk 1:17:58]} Rd7 {[%clk 0:37:25]} 31. Rxd7+ {[%clk 1:18:19]} Bxd7
{[%clk 0:37:47]} 32. Rd1 {[%clk 1:18:43]} Rd8 {[%clk 0:36:14]} 33. Qd5 1-0

[Event "WCO 2016"]
[Site "?"]
[Date "2016.09.13"]
[Round "11"]
[Board "34"]
[WhiteID "10400451"]
[White "Knowles Kendrick"]
[BlackID "22000062"]
[Black "Salim Issa Ali Shamas"]
[Result "1-0"]
[BlackElo "1932"]
[WhiteElo "1825"]
[LiveChessVersion "1.4.8"]

1. d4 {[%clk 1:30:55]} Nf6 {[%clk 1:30:42]} 2. c4 {[%clk 1:31:19]} e6
{[%clk 1:30:54]} 3. g3 {[%clk 1:31:24]} d5 {[%clk 1:31:04]} 4. Bg2
{[%clk 1:30:59]} c6 {[%clk 1:31:12]} 5. Nf3 {[%clk 1:31:15]} Nbd7
{[%clk 1:31:12]} 6. Nc3 {[%clk 1:31:11]} Bb4 {[%clk 1:31:05]} 7. O-O
{[%clk 1:31:30]} O-O {[%clk 1:31:13]} 8. a3 {[%clk 1:31:42]} Bxc3
{[%clk 1:31:12]} 9. bxc3 {[%clk 1:32:07]} Ne4 {[%clk 1:31:34]} 10. Qc2
{[%clk 1:31:51]} f5 {[%clk 1:31:48]} 11. Bf4 {[%clk 1:31:12]} Qa5
{[%clk 1:30:57]} 12. Rfc1 {[%clk 1:30:57]} h6 {[%clk 1:30:43]} 13. Ne5
{[%clk 1:30:22]} Qd8 {[%clk 1:30:32]} 14. f3 {[%clk 1:29:41]} Nxe5
{[%clk 1:30:05]} 15. Bxe5 {[%clk 1:29:44]} Nd6 {[%clk 1:30:16]} 16. Bxd6
{[%clk 1:29:13]} Qxd6 {[%clk 1:29:10]} 17. c5 {[%clk 1:29:28]} Qc7
{[%clk 1:28:46]} 18. f4 {[%clk 1:29:31]} b6 {[%clk 1:28:44]} 19. c4
{[%clk 1:29:19]} Ba6 {[%clk 1:28:22]} 20. cxd5 {[%clk 1:24:48]} cxd5
{[%clk 1:28:33]} 21. e3 {[%clk 1:23:30]} Bc4 {[%clk 1:28:31]} 22. cxb6
{[%clk 1:23:31]} axb6 {[%clk 1:27:52]} 23. Qb2 {[%clk 1:19:56]} Ra4
{[%clk 1:26:38]} 24. Bf3 {[%clk 1:19:16]} Qd6 {[%clk 1:25:34]} 25. Bd1
{[%clk 1:19:30]} Ra6 {[%clk 1:25:37]} 26. a4 {[%clk 1:18:45]} Rfa8
{[%clk 1:25:39]} 27. Qc3 {[%clk 1:17:22]} R8a7 {[%clk 1:24:50]} 28. Rab1
{[%clk 1:16:55]} Kf7 {[%clk 1:24:25]} 29. Rb4 {[%clk 1:16:21]} Ke7
{[%clk 1:24:16]} 30. Rcb1 {[%clk 1:15:48]} Rc7 {[%clk 1:24:01]} 31. Qd2
{[%clk 1:15:51]} Rc6 {[%clk 1:23:57]} 32. R1b2 {[%clk 1:13:32]} Kf6
{[%clk 1:23:28]} 33. h4 {[%clk 1:13:24]} Ke7 {[%clk 1:22:48]} 34. g4
{[%clk 1:13:11]} g5 {[%clk 1:21:32]} 35. hxg5 {[%clk 1:13:10]} hxg5
{[%clk 1:20:52]} 36. Qh2 {[%clk 1:13:23]} gxf4 {[%clk 1:21:08]} 37. gxf5
{[%clk 1:12:58]} f3 {[%clk 1:19:31]} 38. Qh7+ {[%clk 1:12:35]} Kd8
{[%clk 1:19:54]} 39. Qg8+ {[%clk 1:11:41]} Kc7 {[%clk 1:20:22]} 40. Rh2
{[%clk 1:41:15]} Kb7 {[%clk 1:50:26]} 41. Rh7+ {[%clk 1:40:44]} Rc7
{[%clk 1:50:25]} 42. Rxc4 {[%clk 1:40:47]} Rxh7 {[%clk 1:49:35]} 43. Qxh7+
{[%clk 1:41:08]} Kb8 {[%clk 1:48:55]} 44. Qg8+ {[%clk 1:41:15]} Ka7
{[%clk 1:49:15]} 45. Qf7+ {[%clk 1:41:29]} Kb8 {[%clk 1:48:39]} 46. Qe8+
{[%clk 1:41:46]} Ka7 {[%clk 1:48:37]} 47. Qf7+ {[%clk 1:41:05]} Kb8
{[%clk 1:37:31]} 48. Qg8+ {[%clk 1:41:30]} Ka7 {[%clk 1:37:20]} 49. Qg7+
{[%clk 1:41:58]} Kb8 {[%clk 1:36:59]} 50. Bxf3 {[%clk 1:42:16]} b5
{[%clk 1:35:02]} 51. Rc5 {[%clk 1:41:53]} Rb6 {[%clk 1:35:30]} 52. a5
{[%clk 1:41:57]} Rb7 {[%clk 1:35:55]} 53. Qg8+ {[%clk 1:41:17]} Ka7
{[%clk 1:36:23]} 54. fxe6 {[%clk 1:41:03]} Rb8 {[%clk 1:36:24]} 55. Qg6
{[%clk 1:38:30]} Ka6 {[%clk 1:35:01]} 56. Rxd5 {[%clk 1:36:11]} Qb4
{[%clk 1:34:52]} 57. e7+ {[%clk 1:35:37]} Kxa5 {[%clk 1:35:20]} 58. e8=Q
{[%clk 1:28:34]} Qe1+ {[%clk 1:35:28]} 59. Kg2 {[%clk 1:28:40]} Qd2+
{[%clk 1:35:26]} 60. Kh3 {[%clk 1:28:56]} Rxe8 {[%clk 1:34:57]} 61. Qxe8
{[%clk 1:29:18]} Qd3 {[%clk 1:35:16]} 62. Qe7 {[%clk 1:27:46]} Qf1+
{[%clk 1:34:55]} 63. Bg2 {[%clk 1:28:04]} Qd3 {[%clk 1:35:02]} 64. Qa7+
{[%clk 1:27:40]} Kb4 {[%clk 1:34:33]} 65. Qc5+ {[%clk 1:28:01]} Ka5
{[%clk 1:34:33]} 66. Re5 {[%clk 1:27:22]} Ka4 {[%clk 1:34:15]} 67. Bc6
{[%clk 1:27:29]} Qf1+ {[%clk 1:30:21]} 68. Kg4 {[%clk 1:27:10]} Qg1+
{[%clk 1:30:17]} 69. Kf5 {[%clk 1:27:29]} Qf2+ 70. Ke6 Qa2+ {[%clk 1:29:44]} 71.
Ke7 {[%clk 1:27:40]} Qg8 {[%clk 1:28:32]} 72. Bxb5+ {[%clk 1:27:47]} Kb3
{[%clk 1:28:42]} 73. Bc4+ {[%clk 1:27:50]} Qxc4 74. Qxc4+ {[%clk 1:28:14]} Kxc4
{[%clk 1:29:10]} 75. d5 {[%clk 1:28:36]} Kc5 {[%clk 1:29:11]} 76. d6+
{[%clk 1:28:58]} Kc6 {[%clk 1:29:27]} 77. d7 {[%clk 1:29:26]} Kb7 78. d8=Q
{[%clk 1:29:48]} Kc6 {[%clk 1:29:39]} 79. Qd6+ {[%clk 1:30:06]} Kb7
{[%clk 1:29:47]} 80. Rb5+ {[%clk 1:30:29]} Ka7 {[%clk 1:29:57]} 81. Qb6+
{[%clk 1:30:47]} 1-0